00782nam a2200229 a 450000100060000000300090000600800410001501500080005602000180006404000280008204100130011008200160012310000200013924501210015926000730028030000410035350400710039454100170046565000160048265000370049865000170053524884CO-ViMGA141112s2004 ck r 000 u spa d aNNN a9788471126290 aCO-ViMGAbspacCO-ViMGA aspabeng04a371.26 S76t1 aStobart, Gordon10aTiempos de pruebas los usos y abusos de la evaluación / cGordon Stobart ; traducido por Pablo Manzano Bernárdez aMadrid, cEspaña Ediciones Morata Ministerio de Educación c2010. a237 p. ilustraciones y tablas 24 cm. aIncluye referencias bibliográficas (p. ([217] - 229) e índice. 142.200; 1 c.14aEducación14aMediciones y pruebas educativas 14aPedagogía